Filozófia-szöveggyűjtemény (tankönyv)
Elmentve itt :
| Testületi szerző: | |
|---|---|
| További közreműködők: | |
| Adatforrás: | Philobibl |
| Dokumentumtípus: | Könyv |
| Nyelv: | magyar |
| Kulcsszavak: | filozófiatörténet |
| Megjelent: |
Sopron
Arisztotelész Stúdium
1997
|
| LEADER | 00400nam a2200133 c 4500 | ||
|---|---|---|---|
| 001 | bibPHI0041362 | ||
| 005 | 20200924124524.9 | ||
| 008 | 991129s1997 hu 00010 hun d | ||
| 245 | 0 | 0 | |a Filozófia-szöveggyűjtemény |b (tankönyv) |c [szerk. Tóth Attiláné] |
| 260 | |a Sopron |b Arisztotelész Stúdium |c 1997 | ||
| 300 | |a 268 p. | ||
| 695 | |a filozófiatörténet | ||
| 700 | 1 | |a Tóth Attiláné | |
| 710 | 2 | |a Soproni Egyetem | |